| 000 | 00711 a2200181 4500 | ||
|---|---|---|---|
| 010 | _aENG-85697 | ||
| 020 |
_c320.00 _a8178121131 |
||
| 035 | _aEN-69230 | ||
| 037 | _bD.B.Act / Pub | ||
| 082 | 1 | 4 | _a880 |
| 100 | 1 | _aBhatia, H. S. | |
| 245 | 1 |
_aR. Gupta's popular master guide U.G.C. junior research fellowship and lect ure ship exam NET /SLET English literature, paper II and III _cby H. S. Bhatia |
|
| 260 |
_aNew Delhi _bRamesh Publishing House _c2008 |
||
| 270 |
_a12-H, New Darya Ganj Road, Opp. Traffic Kotwali _bNew Delhi _cDelhi : _e110002 _k23261647 _l23275124 _minfo@rameshpublishinghouse.com |
||
| 300 |
_aviii, 672 p. _c23 cm (pbk) |
||
| 650 | _aEnglish literature | ||
| 942 |
_adpl _cEN _k880 / BHA _2ddc |
||
| 999 |
_c3273 _d3273 |
||